| 000 | 00716nam a2200217 a 4500 | ||
|---|---|---|---|
| 005 | 20240924064259.0 | ||
| 008 | 991125s1973 ag 000 0 spa u | ||
| 020 | _a9501630404 | ||
| 035 | _aUPN01000046414 | ||
| 049 | _aCG | ||
| 050 | 4 |
_aLB1570 _bT9.68 |
|
| 100 | 1 |
_aTyler, Ralph Winfred, _d1902- _927094 |
|
| 245 | 1 | 0 |
_aPrincipios básicos del currículo / _cRalph W. Tyler ; tr. por Enrique Molina de Vedia. |
| 260 |
_aBuenos Aires : _bTroquel, _c1973. |
||
| 300 | _a136 p. | ||
| 590 | _a(También localizas un ejemplar en el "Area de Reserva") | ||
| 590 | _aBibliografía Básica (BGTQ) | ||
| 650 | 4 |
_aEducación _xFines y objetivos _94837 |
|
| 650 | 4 |
_aEducación _vPlanes y programas _96413 |
|
| 905 | _aLibro | ||
| 999 |
_c46414 _d46414 |
||